kku e-library facility

Advanced Microprocessor (Record no. 119)

MARC details
000 -LEADER
fixed length control field 00373nam a22001337a 4500
005 - DATE AND TIME OF LATEST TRANSACTION
control field 20260115123441.0
008 - FIXED-LENGTH DATA ELEMENTS--GENERAL INFORMATION
fixed length control field 260115b |||||||| |||| 00| 0 eng d
020 ## - INTERNATIONAL STANDARD BOOK NUMBER
International Standard Book Number 9789390780440
100 ## - MAIN ENTRY--PERSONAL NAME
Personal name Chopra Nidhi
Dates associated with a name 2022
245 ## - TITLE STATEMENT
Title Advanced Microprocessor
Statement of responsibility, etc. /Nidhi Chopra
260 ## - PUBLICATION, DISTRIBUTION, ETC.
Place of publication, distribution, etc. New Delhi:
Name of publisher, distributor, etc. Random Publications LLP:
Date of publication, distribution, etc. 2022
300 ## - PHYSICAL DESCRIPTION
Extent viii; 293p.
Dimensions 24cm
942 ## - ADDED ENTRY ELEMENTS (KOHA)
Source of classification or shelving scheme Library of Congress Classification
Koha item type Books
Suppress in OPAC No

No items available.

©2025 All rights reserved. KKU